Bird or Boat? - Statistics

General Stats
  • This quiz has been taken 114 times
  • The average score is 26 of 36
Answer Stats
Hint Answer % Correct
Yacht Boat
89%
Yacht Boat
89%
Puffin Bird
87%
Gondola Boat
87%
Kayak Boat
86%
Egret Bird
84%
Finch Bird
83%
Rhea Bird
80%
Kookaburra Bird
80%
Pipit Bird
80%
Junk Boat
80%
Pontoon Boat
79%
Sloop Boat
77%
Grebe Bird
76%
Quetzal Bird
76%
Catamaran Boat
76%
Skiff Boat
73%
Moa Bird
72%
Jacamar Bird
72%
Punt Boat
71%
Cormorant Bird
69%
Thrush Bird
69%
Shrike Bird
69%
Sampan Boat
69%
Tern Bird
68%
Shallop Boat
68%
Plover Bird
67%
Kite Bird
66%
Caracara Bird
66%
Wherry Boat
65%
Ketch Boat
64%
Dhow Boat
63%
Yawl Boat
55%
Pirogue Boat
55%
Bunting Bird
54%
Dory Boat
52%
No matching quizzes found
Score Distribution
Percent of People with Each Score
Percentile by Number Answered
Your Score History
You have not taken this quiz